The policy of the government since the general election (Record no. 48126)

MARC details
000 -LEADER
campo de control de longitud fija 00609nam a2200169 i 4500
001 - NÚMERO DE CONTROL
campo de control 48126
003 - IDENTIFICADOR DE NÚMERO DE CONTROL
campo de control ES-MaACL
005 - FECHA Y HORA DE LA ÚLTIMA TRANSACCIÓN
campo de control 20230906161710.0
007 - CAMPO FIJO DE DESCRIPCIÓN FÍSICA--INFORMACIÓN GENERAL
campo de control de longitud fija t|
008 - DATOS DE LONGITUD FIJA--INFORMACIÓN GENERAL
campo de control de longitud fija 950706s1881 xxk ||||1| eng d
040 ## - FUENTE DE CATALOGACIÓN
Centro catalogador/agencia de origen CAM
Lengua de catalogación spa
Centro/agencia transcriptor CAM
100 1# - ENTRADA PRINCIPAL--NOMBRE DE PERSONA
Nombre de persona Chamberlain, Joseph.
9 (RLIN) 37854
245 14 - MENCIÓN DEL TÍTULO
Título The policy of the government since the general election
Resto del título : a speech delivered to his constituents in the town Hall, Birmingham... 1881 /
Mención de responsabilidad, etc. by Joseph Chamberlain.
260 ## - PUBLICACIÓN, DISTRIBUCIÓN, ETC.
Lugar de publicación, distribución, etc. [Birmingham] :
Nombre del editor, distribuidor, etc. The National Liberal Federation,
Fecha de publicación, distribución, etc. [1881]
300 ## - DESCRIPCIÓN FÍSICA
Extensión 27 p. ;
Dimensiones 21 cm.
852 ## - LOCALIZACIÓN
Ubicación ES-MaACL
Número de control de estantería T-1285-F-8
Nota libre .- Donat. Bosch
Holdings
Estatus retirado Estado de pérdida Estado de daño No para préstamo Colección Biblioteca de origen Biblioteca actual Ubicación en estantería Fecha de adquisición Fuente de adquisición Total de préstamos Signatura topográfica completa Código de barras Visto por última vez Precio de reemplazo Tipo de ítem Koha
        Colección de folletos Biblioteca del Ateneo de Madrid Biblioteca del Ateneo de Madrid Depósito folletos 17/01/2008     T-1285-F-8 1050651 23/02/2023 23/02/2023 Folleto